000 01336 a2200217 4500
003 MN-UlNLM
005 20220413110235.0
008 a130t16b mp ||||| |||| 00| 0 mon d
020 _a978-99929-65-79-7
040 _aМонгол Улсын Үндэсний номын сан
084 _a82.3(5Мон)-6
_2NNA
_bМ 692
_q82
245 0 _aМонгол туургатны аман зохиолын чуулган
_cЭмхт. Г.Ловор, Л.Золбаяр
260 1 _aУБ
_bСэлэнгэпресс
_c2009
300 _a364х
546 _aMongolia
653 _aАрдын аман зохиол, утга зохиол
740 _aМонгол туургатны аман зохиол судлалыг товчоолон өгүүлэх удиртгал.
_aЗүйр цэцэн үг.
_aЕртөнцийн гурав.
_aОньсого таавар.
_aАрдын дуу.
_aАрдын жүжиг наадмын аман зохиол.
_aЗан үйлийн аман зохиол.
_aАман хууль.
_aЕрөөл.
_aМагтаал.
_aХүүхдийн аман зохиол.
_aБөөгийн яруу найраг.
_aҮлгэр.
_aАрдын домог.
_aХууч яриа.
_aШог хошин яриа.
_aБаатарлаг тууль.
_aОрчин үеийн аман зохиол.
856 _aprintbook
942 _cBK
999 _c76251
_d76308